[Event "Vall del Tenes op 4th"]
[Site "Santa Eulalia de Roncana"]
[Date "2015.04.10"]
[Round "1"]
[White "Mas Sayos, Lluis"]
[Black "Rodriguez Lloret, Ricard"]
[Result "1-0"]
[WhiteElo "1879"]
[BlackElo "1692"]
[PlyCount "57"]
[EventDate "2015.04.10"]
[EventType "swiss"]
[EventRounds "8"]
[EventCountry "ESP"]
[SourceTitle "CBM 166 Extra"]
[Source "ChessBase"]
[SourceDate "2015.06.18"]
[SourceVersion "1"]
[SourceVersionDate "2015.06.18"]
[SourceQuality "1"]

1. e4 e5 2. Nf3 d6 3. d4 exd4 4. Nxd4 a6 5. Bc4 Nf6 6. Nc3 Bg4 7. f3 Bh5 8. Bg5 Be7 9. Nf5 Bf8 10. Qe2 Bg6 11. 0-0-0 Bxf5 12. exf5+ Be7 13. Bxf6 gxf6 14. Rhe1 Nc6 15. Nd5 0-0 16. Nxe7+ Nxe7 17. Qxe7 Kg7 18. Qxd8 Raxd8 19. Re7 b5 20. Bd5 Rde8 21. Rde1 Rxe7 22. Rxe7 c5 23. Kd2 a5 24. Ke3 b4 25. Bb3 h6 26. Ba4 d5 27. Re8 d4+ 28. Kd3 b3 29. axb3 1-0

[Event "Roncana op-B 8th"]
[Site "Santa Eulalia de Roncana"]
[Date "2014.11.15"]
[Round "5"]
[White "Rodriguez Lloret, Ricard"]
[Black "Del Rio Crespo, Jose Antonio"]
[Result "0-1"]
[WhiteElo "1700"]
[BlackElo "1707"]
[PlyCount "60"]
[EventDate "2014.10.11"]
[EventType "swiss"]
[EventRounds "8"]
[EventCountry "ESP"]
[SourceTitle "EXT 2016"]
[Source "ChessBase"]
[SourceDate "2015.10.08"]
[SourceVersion "1"]
[SourceVersionDate "2015.10.08"]
[SourceQuality "1"]

1. d4 e6 2. Nf3 d5 3. b3 c5 4. e3 Nc6 5. Bb5 Qa5+ 6. c3 Qxb5 7. Nbd2 cxd4 8. exd4 Bd7 9. c4 Qa5 10. 0-0 Nf6 11. a3 Be7 12. b4 Qc7 13. c5 b6 14. Nb3 0-0 15. Ne5 Nxe5 16. Bf4 bxc5 17. Bxe5 Bd6 18. Bxd6 Qxd6 19. h3 cxb4 20. axb4 Rab8 21. Nc5 Rxb4 22. Ra5 Qb6 23. Qa1 Rxd4 24. Rc1 Rc4 25. Nxd7 Nxd7 26. Re1 Nc5 27. Ra3 Ne4 28. Re2 h6 29. Rxe4 Rxe4 30. Rg3 Qd4 0-1